1480 1434 1803 1175 1945 1006 1040 1690 1290 1563 1449 1388 1588 1272 1226 1300 1371 1061 1515 1431 1143 1506 1365 1143 1343 1992 1088 1357 1657 1787 1212 1589 1822 1758 1888 1795 1625 1215 1497 1646 1066 1634 1016 1832 1620 1557 1706 1415 1796 1864 1360 1714 1960 1977 1289 1298 1260 1511 1922 1951 1962 1373 1652 1194 1961 1130 1716 1306 1775 1133 1906 1420 1362 1442 1274 1826 1900 1903 1988 2000 1155 1269 1975 1547 1858 1813 1111 1929 1163 1758 1763 1673 1784 1213 1674 1719 1342 1701 1563 BCNSPRNW ULIB Ver.6.0+V

เปลี่ยนเป็นภาษาไทย

Change to English
 แสดงรายละเอียดบรรณานุกรม
  กลับหน้าหลัก

Brief Record : Get Marc (ISO 2709) : E-mail record : QR code < ปิดหน้าต่าง
LEADER : 00000nam 2200000uu 4500
001    13399120911
003     ULIB
008    121025s2549||||th 000 0 tha d
020    ^a9746191462
020    ^a9789746191463
050  4 ^aDS586^bส841ห 2549
100 0  ^aสุเมธ ตันติเวชกุล,^d2482-
245 10 ^aหลักธรรมหลักทำตามรอยพระยุคลบาท /^cสุเมธ ตันติเวชกุล ;ประพัฒน์ แสงวณิช, บรรณาธิการ
250    ^aพิมพ์ครั้งที่ 11
260    ^aกรุงเทพฯ :^bโรงพิมพ์ด่านสุทธาการพิมพ์,^c2549
300    ^a128 หน้า :^bภาพประกอบ :^c21 ซม.
600 07 ^aภูมิพลอดุลยเดช,^cพระบาทสมเด็จพระปรมินทรมหา,^d2470-^xพระราชกรณียกิจ
600 07 ^aภูมิพลอดุลยเดช,^cพระบาทสมเด็จพระปรมินทรมหา,^d2470-^xพระบรมราโชวาท
650  4 ^aพระบรมราโชวาท
700 0  ^aประพัฒน์ แสงวณิช,^eบรรณาธิการ
945    ^p99^l0^i14496
995    ^aกัณชพร
999 ^a ใช้งานได้ทุกระบบ
รายการนี้ยังไม่มีแท็ก
คุณยังไม่ได้ล็อกอิน คุณสามารถมีกิจกรรมร่วมกับเว็บไซต์ได้ แต่ต้องล็อกอินก่อน ::
  ล็อกอิน

รายการสื่อสารสนเทศ

ลำดับที่ ประเภท เลขเรียก/บาร์โค้ด สถานที่ สถานะ
1. วิทยาศาสตร์การแพทย์ และสุขภาพ
วิทยาศาสตร์การแพทย์ และสุขภาพ
DS586 ส841ห 2549  
  Barcode: 14496
ห้องสมุดวิทยาเขตสวรรค์ประชารักษ์
►หนังสือทั่วไป
บนชั้น

รายการใกล้เคียง
    หัวเรื่อง [พระบรมราโชวาท]

BibComment


ยังไม่เคยถูกคอมเมนท์

คอมเมนท์ทรัพยากรรายการนี้
  คอมเมนท์: หลักธรรมหลักทำตา..


 Copyright 2026. Bcnsprnw @Library